000 00721nam a2200241 4500
003 OSt
005 20240615013626.0
006 a
008 240615b |||||||| |||| 00| 0 eng d
020 _a9780230224568
040 _aDWCL-Main lib.
_cOC
082 _aCirc. 414.8 T456s 2011
100 _aThomas, Erik R
245 _aSociophonetics : an introduction /
260 _aNew York :
_bPlagrave Macmillan,
_cc2011.
300 _axiv,
_b356 p. : ill. ;
_c24 cm.
504 _aIncludes references & index.
650 _a1. Grammar, Comparative and general–Phonology.
650 _a2. Dialectology–Research.
650 _a3. Sociolinguistics.
700 _aErik R. Thomas
942 _2ddc
_n0
_cBK-CIRC
_kCirc.
999 _c740
_d740